<?xml version="1.0" encoding="UTF-8"?>
<record
    xmlns:xsi="http://www.w3.org/2001/XMLSchema-instance"
    xsi:schemaLocation="http://www.loc.gov/MARC21/slim http://www.loc.gov/standards/marcxml/schema/MARC21slim.xsd"
    xmlns="http://www.loc.gov/MARC21/slim">

  <leader>01415nam a2200337 a 4500</leader>
  <controlfield tag="001"> </controlfield>
  <controlfield tag="003">DO-SdBNP</controlfield>
  <controlfield tag="005">20220126113256.0</controlfield>
  <controlfield tag="008">101014s2007   dr ac   r     001 0dspa d</controlfield>
  <datafield tag="020" ind1=" " ind2=" ">
    <subfield code="a">9789945020168</subfield>
  </datafield>
  <datafield tag="040" ind1=" " ind2=" ">
    <subfield code="a">DO-SdBNP</subfield>
    <subfield code="b">spa</subfield>
    <subfield code="c">BPMSU </subfield>
  </datafield>
  <datafield tag="082" ind1=" " ind2=" ">
    <subfield code="a">920.72</subfield>
    <subfield code="b">C343h, 2007</subfield>
    <subfield code="2">22</subfield>
  </datafield>
  <datafield tag="100" ind1="1" ind2=" ">
    <subfield code="a">Cass&#xE1;, Roberto, 1948-</subfield>
    <subfield code="d">1948-</subfield>
  </datafield>
  <datafield tag="245" ind1="1" ind2="0">
    <subfield code="a">Hero&#xED;nas nacionales :</subfield>
    <subfield code="b">Mar&#xED;a Trinidad S&#xE1;nchez, Salom&#xE9; Ure&#xF1;a,Minerva Mirabal /</subfield>
    <subfield code="c">Roberto Cass&#xE1;.</subfield>
  </datafield>
  <datafield tag="246" ind1="1" ind2="4">
    <subfield code="a">Hero&#xED;nas Nacionales </subfield>
  </datafield>
  <datafield tag="260" ind1=" " ind2=" ">
    <subfield code="a">Santo Domingo :</subfield>
    <subfield code="b">Archivo General de la Naci&#xF3;n :</subfield>
    <subfield code="b">Comisi&#xF3;n Permanente de Efem&#xE9;rides Patrias,</subfield>
    <subfield code="c">2007</subfield>
  </datafield>
  <datafield tag="300" ind1=" " ind2=" ">
    <subfield code="a">109 p. :</subfield>
    <subfield code="b">il., retrs. ;</subfield>
    <subfield code="c">23 cm.</subfield>
  </datafield>
  <datafield tag="490" ind1="0" ind2=" ">
    <subfield code="a">Juvenil</subfield>
    <subfield code="v">2</subfield>
  </datafield>
  <datafield tag="500" ind1=" " ind2=" ">
    <subfield code="a">Incluye &#xED;ndice onom&#xE1;stico.</subfield>
  </datafield>
  <datafield tag="500" ind1=" " ind2=" ">
    <subfield code="a">Incluye datos biogr&#xE1;ficos del autor en la solapa de la cubierta.</subfield>
  </datafield>
  <datafield tag="505" ind1="0" ind2=" ">
    <subfield code="g">Prefacio --</subfield>
    <subfield code="t">Mar&#xED;a Trinidad S&#xE1;nchez: la hero&#xED;na de febrero --</subfield>
    <subfield code="t">Salom&#xE9; Ure&#xF1;a de Henr&#xED;quez: mujer total --</subfield>
    <subfield code="t">Minerva Mirabal: la revolucionaria --</subfield>
    <subfield code="g">Bibliograf&#xED;a --</subfield>
    <subfield code="g">&#xCD;ndice onom&#xE1;stico.</subfield>
  </datafield>
  <datafield tag="590" ind1=" " ind2=" ">
    <subfield code="a">Inventariado, 2021/VM</subfield>
  </datafield>
  <datafield tag="600" ind1=" " ind2="4">
    <subfield code="a">S&#xE1;nchez, Mar&#xED;a Trinidad </subfield>
    <subfield code="d">1794-1845</subfield>
  </datafield>
  <datafield tag="600" ind1="1" ind2="0">
    <subfield code="a">Ure&#xF1;a de Henr&#xED;quez, Salom&#xE9; ,</subfield>
    <subfield code="d">1850-1897</subfield>
  </datafield>
  <datafield tag="600" ind1="1" ind2="4">
    <subfield code="a">Mirabal, Minerva</subfield>
    <subfield code="d">1926-1960</subfield>
  </datafield>
  <datafield tag="600" ind1="1" ind2="4">
    <subfield code="a">Ure&#xF1;a,Salom&#xE9;  </subfield>
    <subfield code="d">1850-1897</subfield>
  </datafield>
  <datafield tag="650" ind1=" " ind2="4">
    <subfield code="a">Mujeres en la pol&#xED;tica</subfield>
    <subfield code="z">Rep&#xFA;blica Dominicana</subfield>
  </datafield>
  <datafield tag="650" ind1=" " ind2="4">
    <subfield code="a">Mujeres</subfield>
    <subfield code="x">Historia</subfield>
    <subfield code="z">Rep&#xFA;blica Dominicana</subfield>
  </datafield>
  <datafield tag="910" ind1=" " ind2=" ">
    <subfield code="a"> VMateo V. </subfield>
  </datafield>
  <datafield tag="942" ind1=" " ind2=" ">
    <subfield code="2">ddc</subfield>
    <subfield code="c">BK</subfield>
  </datafield>
  <datafield tag="952" ind1=" " ind2=" ">
    <subfield code="0">0</subfield>
    <subfield code="1">0</subfield>
    <subfield code="2">ddc</subfield>
    <subfield code="4">0</subfield>
    <subfield code="7">0</subfield>
    <subfield code="8">CD</subfield>
    <subfield code="a">BPMET</subfield>
    <subfield code="b">BPMET</subfield>
    <subfield code="d">2021-10-20</subfield>
    <subfield code="e">AGN</subfield>
    <subfield code="o">BPMSU CD 920.72 C343h 2007</subfield>
    <subfield code="p">BPMSU21100134</subfield>
    <subfield code="r">2021-10-20</subfield>
    <subfield code="w">2021-10-20</subfield>
    <subfield code="y">BK</subfield>
  </datafield>
  <datafield tag="952" ind1=" " ind2=" ">
    <subfield code="0">0</subfield>
    <subfield code="1">0</subfield>
    <subfield code="2">ddc</subfield>
    <subfield code="4">0</subfield>
    <subfield code="7">0</subfield>
    <subfield code="8">CD</subfield>
    <subfield code="a">BPMET</subfield>
    <subfield code="b">BPMET</subfield>
    <subfield code="d">2021-10-20</subfield>
    <subfield code="e">AGN</subfield>
    <subfield code="o">BPMSU CD 920.72 C343h 2007</subfield>
    <subfield code="p">BPMSU23020004</subfield>
    <subfield code="r">2023-02-08</subfield>
    <subfield code="t">e.2</subfield>
    <subfield code="w">2021-10-20</subfield>
    <subfield code="y">BK</subfield>
  </datafield>
  <datafield tag="999" ind1=" " ind2=" ">
    <subfield code="c">13815</subfield>
    <subfield code="d">13815</subfield>
  </datafield>
</record>
